| 000 | 01212nam a22002655i 4500 | ||
|---|---|---|---|
| 001 | 10864 | ||
| 003 | ES-MaACL | ||
| 005 | 20250901043621.0 | ||
| 007 | t| | ||
| 008 | 940214s1993 sp ||||0| spa j | ||
| 020 | _a84-451-0732-1 | ||
| 040 |
_aM-BN _bspa _cM-BN |
||
| 080 | _a342.7-055.2(4-672 CE) | ||
| 100 | 1 |
_aGonzález del Tánago, Lourdes. _958586 |
|
| 245 | 1 | 0 |
_aIgualdad de trato entre mujeres y hombres en la jurisprudencia europea / _c[coordinación, Mª Luisa Alvarez Durante y Jaime Hevia Ruiz ; autores, Lourdes González del Tánago, José Luis Bautista Cordero, Carlos Senén]. |
| 260 |
_aMadrid : _bDirección General de la Mujer, Dirección General de Cooperación con el Estado y Asuntos Europeos, _cD.L. 1993. |
||
| 300 |
_a719 p ; _c24 cm. |
||
| 650 | 1 | 4 |
_aMujeres- _xDerechos- _zPaíses de la Unión Europea _915267 |
| 700 | 1 |
_aBautista Cordero, José Luis. _926622 |
|
| 700 | 1 |
_aSenén, Carlos. _9105453 |
|
| 710 | 1 |
_aMadrid (Comunidad Autónoma). _bDirección General de la Mujer. _95615 |
|
| 710 | 1 |
_aMadrid (Comunidad Autónoma). _bDirección General de Cooperación con el Estado y Asuntos Europeos. _95610 |
|
| 852 |
_aES-MaACL _jL-18186 _bR.123093 |
||
| 999 |
_c10864 _d10864 |
||